LDR 00972naa#a2200205#i#450# 001 RU\\bibl\121373 005 20260514122728.4 011 ## _a1994-4683 100 ## _a20230803b2023####ek#y0rusy0150####ca 102 ## _aRU 200 1# _aПСИХОФИЗИОЛОГИЧЕСКИЕ АСПЕКТЫ ТЕСТИРОВАНИЯ СТУДЕНТОВ НА ОСНОВЕ ПРИМЕНЕНИЯ КОМПЛЕКСА "BIOMOUSE" _eЖурнальная статья 210 1# _aМосква _cНациональный государственный Университет физической культуры, спорта и здоровья им. П.Ф. Лесгафта _d2023 215 ## _a5 с. 608 ## _aЖурнальная статья _2local 675 ## _aПрочие вопросы психологии. 159.99 _z 700 #1 _aРаевский _gД А 700 #1 _aПучкова _gН Г 700 #1 _aСергеева _gЛ А 700 #1 _aСтаростин _gС Д 856 4# _auchzapiski.lesgaft.spb.ru _u